00429nam a2200157Ia 4500003000400000008004100004040001600045082001300061100001700074245007100091260003900162300001100201650001500212650002200227650002200249GCL140319s9999 xx 000 0 eng d aGCL / cGCL04a843bT F1 aTOUZOT, JEAN10aFRANCOIS MAURIAC: OEUVRES ROMANESQUES (1911-1951) / cTOUZOT, JEAN a[S.N] : bLA POCHOTHEQUE ، c1992 a1209 P04aLITERATURE04aMAURICA, FRANCOIS04aFRENCH LITERATURE